| 000 | 00355nam a2200145Ia 4500 | ||
|---|---|---|---|
| 008 | 150201s2014 xx 000 0 und d | ||
| 082 |
_a615 _bP14S |
||
| 100 | _aSHANBHAG, TARA V. | ||
| 245 | _aPHARMACOLOGY : PREP MANUAL FOR U.G. | ||
| 250 | _a7TH | ||
| 260 |
_bELSEVIER _aINDIA _c2014 |
||
| 300 | _a1-524 | ||
| 650 | _aPHARMACOLOGY | ||
| 942 |
_2ddc _cBK _036 |
||
| 999 |
_c1824 _d1824 |
||